Advancing frontiers plant sciences, 1983 : (Record no. 75000)
[ view plain ]
| 000 -LEADER | |
|---|---|
| fixed length control field | 01334cam a2200349 a 4500 |
| 001 - CONTROL NUMBER | |
| control field | 75000 |
| 003 - CONTROL NUMBER IDENTIFIER | |
| rucl marc code | BD-RjUL |
| 005 - DATE AND TIME OF LATEST TRANSACTION | |
| control field | 20211209082631.0 |
| 008 - FIXED-LENGTH DATA ELEMENTS--GENERAL INFORMATION | |
| fixed length control field | 841123s1983 ii b s101 0 eng |
| 020 ## - INTERNATIONAL STANDARD BOOK NUMBER | |
| Terms of availability | Rs100.00 |
| 025 ## - OVERSEAS ACQUISITION NUMBER | |
| Overseas acquisition number | I E 47853 |
| 035 ## - SYSTEM CONTROL NUMBER | |
| System control number | (BD-RjUL)75218 |
| 040 ## - CATALOGING SOURCE | |
| Original cataloging agency | DLC |
| Transcribing agency | DLC |
| Modifying agency | DLC |
| Language of cataloging | eng |
| 041 ## - LANGUAGE CODE | |
| Language code of text/sound track or separate title | eng |
| 043 ## - GEOGRAPHIC AREA CODE | |
| Geographic area code | a-ii--- |
| 082 00 - DEWEY DECIMAL CLASSIFICATION NUMBER | |
| Classification number | 580 |
| Edition number | 23 |
| Author mark and year | NAT 1984 |
| 111 2# - MAIN ENTRY--MEETING NAME | |
| Meeting name or jurisdiction name as entry element | National Symposium on Advancing Frontiers of Plant Sciences |
| Date of meeting | (1983 : |
| Location of meeting | Jodhpur, India) |
| 9 (RLIN) | 226724 |
| 245 10 - TITLE STATEMENT | |
| Title | Advancing frontiers plant sciences, 1983 : |
| Remainder of title | symposium proceedings / |
| Statement of responsibility, etc. | National Symposium on Advancing Frontiers of Plant Sciences, Jodhpur, November 26-30, 1983 ; edited by H.C. Arya ... [et al.]. |
| 260 ## - PUBLICATION, DISTRIBUTION, ETC. (IMPRINT) | |
| Place of publication, distribution, etc. | Jodhpur, India : |
| Name of publisher, distributor, etc. | Dept. of Botany, University of Jodhpur, |
| Date of publication, distribution, etc. | 1983. |
| 300 ## - PHYSICAL DESCRIPTION | |
| Pagination | ii, xiii, 305 p. ; |
| Size | 25 cm. |
| 504 ## - BIBLIOGRAPHY, ETC. NOTE | |
| Bibliography, etc | Includes bibliographical references and index. |
| 650 #0 - SUBJECT ADDED ENTRY--TOPICAL TERM | |
| Topical term or geographic name as entry element | Botany |
| General subdivision | Congresses. |
| 9 (RLIN) | 226725 |
| Topical term or geographic name as entry element | Botany |
| Geographic subdivision | India |
| General subdivision | Congresses. |
| 9 (RLIN) | 226726 |
| Topical term or geographic name as entry element | Plant diseases |
| General subdivision | Congresses. |
| 9 (RLIN) | 226727 |
| Topical term or geographic name as entry element | Plant diseases |
| Geographic subdivision | India |
| General subdivision | Congresses. |
| 9 (RLIN) | 226728 |
| 700 1# - ADDED ENTRY--PERSONAL NAME | |
| Personal name | Arya, H. C. |
| 710 2# - ADDED ENTRY--CORPORATE NAME | |
| Corporate name or jurisdiction name as entry element | University of Jodhpur. |
| Subordinate unit | Department of Botany. |
| 9 (RLIN) | 226730 |
| 906 ## - LOCAL DATA ELEMENT F, LDF (RLIN) | |
| a | 7 |
| b | cbc |
| c | orignew |
| d | 3 |
| e | ncip |
| f | 19 |
| g | y-gencatlg |
| 942 ## - ADDED ENTRY ELEMENTS (KOHA) | |
| Source of classification or shelving scheme | Dewey Decimal Classification |
| Koha item type | Books |
| Lost status | Source of classification or shelving scheme | Damaged status | Not for loan | Collection code | Permanent Location | Current Location | Shelving location | Date acquired | Source of acquisition | Cost, normal purchase price | Total Checkouts | Full call number | Date last seen | Copy number | Koha item type |
|---|---|---|---|---|---|---|---|---|---|---|---|---|---|---|---|
| Dewey Decimal Classification | Not For Loan | Non-fiction | Central Library, University of Rajshahi | Central Library, University of Rajshahi | Reading Room | 29/06/1980 | Karim International, Dhaka | 24.00 | 580 NAT 1984 | 08/01/2019 | C-1 | Books |